000 00434nam a2200181Ia 4500
001 43565
008 140425s9999 xx 000 0 und d
020 _aNA
040 _cPK-LaUMT
082 _aRHC 297
_bMAH-T
100 _aM. A. Hashmi
245 _aTalqeen-e-Ghazaali (Urdu)
_cM. A. Hashmi
260 _aLahore,Pakistan:
_bIdarah Matbuat Sulemani,
_c1999
300 _a134 p.
546 _aUR
650 _aIslam
942 _cBK
999 _c41567
_d41567